Cores das linhas do Metrô e da CPTM Quiz Stats

 Plays Quiz not verified by Sporcle

Support Sporcle.
Go Orange.
Score 0/13 Timer 02:00
0 Plays Today
Número Cor % Correct
1Azul
100%
2Verde
100%
3Vermelha
100%
4Amarela
100%
5Lilás
96%
7Rubi
88%
8Diamante
88%
9Esmeralda
84%
15Prata
80%
10Turquesa
76%
11Coral
72%
12Safira
72%
13Jade
60%

You're not logged in!

Compare scores with friends on all Sporcle quizzes.
OR
Log In

From the Vault

Former and Present Country Names

by BGCollector

Former names are important when looking up countries on old maps.
Remove Ads.
Support Sporcle.
Get the best of Sporcle when you Go Orange. This ad-free experience offers more features, more stats, and more fun while also helping to support Sporcle. Thank you for becoming a member.

Show Comments

Extras

Top Quizzes Today


Score Distribution

Your Account Isn't Verified!

In order to create a playlist on Sporcle, you need to verify the email address you used during registration. Go to your Sporcle Settings to finish the process.

Report this User

Report this user for behavior that violates our Community Guidelines.

Details: